| 000 | 00701nam a2200241Ia 4500 | ||
|---|---|---|---|
| 003 | IIN | ||
| 005 | 20250429131819.0 | ||
| 008 | 231217s9999 xx 000 0 und d | ||
| 020 |
_cRs.2085.00 _a9788131257821 |
||
| 040 |
_aIIN _bEnglish |
||
| 082 |
_a610.73 _bPOT |
||
| 100 | 1 | _aPotter, Patricia A. | |
| 245 | 1 |
_aPotter & Perry's Fundamentals of Nursing/ _cPatricia A. Potter...[et al] |
|
| 250 |
_a10th ed _bAdap. edited by - Suresh K. Sharma |
||
| 260 |
_bElsevier _aNew Delhi _c2021 |
||
| 300 | _axix, 1342p. | ||
| 650 | 1 | _aFoundation | |
| 650 | 1 | _aFundamentals | |
| 700 | 1 | _aPerry, Anne Griffin | |
| 700 | 1 | _aStockert, Patricia A. | |
| 700 | 1 | _aSharma, Suresh K. (ed.) | |
| 942 | _cBOOK | ||
| 999 |
_c1290 _d1290 |
||